La riqueza regalada a la gran minería del cobre en Chile (Registro nro. 34756)

Detalles MARC
000 -LEADER
fixed length control field 00438 a2200145 4500
001 - CONTROL NUMBER
control field ART_46677
005 - DATE AND TIME OF LATEST TRANSACTION
control field 20260410162039.0
008 - FIXED-LENGTH DATA ELEMENTS--GENERAL INFORMATION
fixed length control field 260409a
100 1# - MAIN ENTRY--PERSONAL NAME
Personal name Sturla Zerene, Gino
245 10 - TITLE STATEMENT
Title La riqueza regalada a la gran minería del cobre en Chile
700 1# - ADDED ENTRY--PERSONAL NAME
Personal name López, Ramón E.
700 1# - ADDED ENTRY--PERSONAL NAME
Personal name Accorsi O., Simón
700 1# - ADDED ENTRY--PERSONAL NAME
Personal name Figueroa B., Eugenio
773 0# - HOST ITEM ENTRY
Title Revista Cepal
Related parts - Nº 124 (abr. 2018)
Record control number REV45125

No hay ítems disponibles.